00649cam a22001932 4500001001100000005001700011008004100028020001700069040001500086100003100101245007500132260004300207300001300250650003400263908001100297950000600308999001500314952012600329000002518220151217145953.0150213s xx 000 0 eng d a9966946209 : aKABUcKABU1 aOtipo, Luke S.@000018564012aA study guide to Chinua Achebe's a man of the people /cLuke S. Otipo. aNairobi :bPavement publishers,c2002. av, 66 p. 0aNigeriabFiction.@0000158236 a150213 @1 c4635d4635 00102lcc70aKABUbKABUd2015-12-17l4oPR9387.9 .O85 2002 c. 1p017431r2023-07-12 00:00:00s2023-06-26w2015-12-17yBK